Movie franchises from images - Statistics

General Stats
  • This quiz has been taken 283 times
  • The average score is 13 of 16
Answer Stats
Picture Answer % Correct
Jurassic Park
99%
Starwars
98%
Ghostbusters
96%
Avengers
95%
Pirates of the Caribbean
94%
Harry Potter
91%
Terminator
90%
John Wick
88%
Matrix
84%
Transformers
82%
Despicable Me
79%
Indiana Jones
79%
Lord of the rings
63%
Xmen
63%
Godfather
52%
Planet of the apes
22%
No matching quizzes found
Score Distribution
Percent of People with Each Score
Percentile by Number Answered
Your Score History
You have not taken this quiz